000 00768nam a2200241 a 4500
001 71139
003 BD-RjUL
005 20211209082100.0
008 170427s1957 maua 001 0 eng d
035 _a(BD-RjUL)71354
040 _aDLC
_cDLC
_dOCL
_dZCU
_dBD-RjUL
_beng
041 _aeng
082 _a515.15
_223
_bJOC 1975
100 1 _aJohnson, Richard E.,
_d1913-
_9165598
245 0 0 _aCalculus, with analytic geometry /
_c[by] R. E. Johnson [and] F. L. Kiokemeister. Exercises by M. S. Klamkin.
260 _aBoston :
_bAllyn and Bacon,
_cc1957.
300 _axii, 650 p :
_bill ;
_c25 cm.
500 _aIndex
650 0 _aCalculus.
_9165599
650 0 _aGeometry, Analytic.
_9165600
700 1 _aKiokemeister, Fred Ludwig,
_eauthor.
_9165601
942 _2ddc
_cBK
999 _c71139
_d71139